<?xml version="1.0" encoding="UTF-8"?><?xml-stylesheet type="text/xsl" href="static/style.xsl"?><OAI-PMH xmlns="http://www.openarchives.org/OAI/2.0/" xmlns:xsi="http://www.w3.org/2001/XMLSchema-instance" xsi:schemaLocation="http://www.openarchives.org/OAI/2.0/ http://www.openarchives.org/OAI/2.0/OAI-PMH.xsd"><responseDate>2026-06-05T03:51:14Z</responseDate><request verb="GetRecord" identifier="oai:riuma.uma.es:10630/24516" metadataPrefix="marc">https://riuma.uma.es/rest/oai/request</request><GetRecord><record><header><identifier>oai:riuma.uma.es:10630/24516</identifier><datestamp>2026-02-03T12:08:57Z</datestamp><setSpec>com_10630_2254</setSpec><setSpec>col_10630_37959</setSpec></header><metadata><record xmlns="http://www.loc.gov/MARC21/slim" xmlns:dcterms="http://purl.org/dc/terms/" xmlns:doc="http://www.lyncode.com/xoai" xmlns:xsi="http://www.w3.org/2001/XMLSchema-instance" xsi:schemaLocation="http://www.loc.gov/MARC21/slim http://www.loc.gov/standards/marcxml/schema/MARC21slim.xsd">
   <leader>00925njm 22002777a 4500</leader>
   <datafield ind2=" " ind1=" " tag="042">
      <subfield code="a">dc</subfield>
   </datafield>
   <datafield ind2=" " ind1=" " tag="720">
      <subfield code="a">Pérez-Tortosa, Francesc</subfield>
      <subfield code="e">author</subfield>
   </datafield>
   <datafield ind2=" " ind1=" " tag="260">
      <subfield code="c">2022</subfield>
   </datafield>
   <datafield ind2=" " ind1=" " tag="520">
      <subfield code="a">La mediación es un sistema de resolución de controversias que, necesariamente, requiere la igualdad entre las partes. Cuando una de las partes del conflicto jurídico es una persona con discapacidad intelectual deben adoptarse una serie de decisiones para las que el mediador puede no estar completamente formado. Por un lado, puede ser problemática la decisión acerca de si esa persona tiene la capacidad suficiente para mediar. A este respecto, se propone que sea un perito psicológico quien tome esa decisión. Por otro lado, se deben articular una serie de adaptaciones en el lenguaje y en el léxico utilizado, así como del propio procedimiento, haciéndose necesaria la participación del facilitador, especialmente en la mediación electrónica.</subfield>
   </datafield>
   <datafield ind1="8" ind2=" " tag="024">
      <subfield code="a">https://hdl.handle.net/10630/24516</subfield>
   </datafield>
   <datafield tag="653" ind2=" " ind1=" ">
      <subfield code="a">Gestión de conflictos</subfield>
   </datafield>
   <datafield tag="653" ind2=" " ind1=" ">
      <subfield code="a">Minusválidos - Procesos, litigios, etc.</subfield>
   </datafield>
   <datafield ind2="0" ind1="0" tag="245">
      <subfield code="a">Personas con discapacidad intelectual y mediación: especial referencia a la mediación electrónica</subfield>
   </datafield>
</record>
</metadata></record></GetRecord></OAI-PMH>